00490 2200181 4500001002100000005001700021008004100038035002400079082001700103090002200120245003900142260002900181300003300210650003200243850001200275985000600287999001500293YOGYA-0209000005998020090227035736.0 ind  0010-020900000059980 a398.21099222 a398.21099222bCer aCERITERA rakyat daerah Jawa Tengah aJakartabDepdikbudc1982 aVii,157,(6)hlm,bilusc23 cm aCerita rakyat - Jawa Tengah aYOPDYOG a1 aa000057236